Online
Catalog

Sistemas de educación comparados / (Record no. 23228)

MARC details
000 -CABECERA
campo de control de longitud fija 00950nam a2200253 a 4500
001 - NÚMERO DE CONTROL
campo de control 000023732
005 - FECHA Y HORA DE LA ÚLTIMA TRANSACCIÓN
campo de control 20250715130127.0
008 - DATOS DE LONGITUD FIJA--INFORMACIÓN GENERAL
campo de control de longitud fija 110112s1968 ag r 000 0 spa d
040 ## - FUENTE DE LA CATALOGACIÓN
Centro catalogador/agencia de origen DO-SdBNP
Lengua de catalogación spa
Centro/agencia transcriptor BNPHU
041 17 - CÓDIGO DE LENGUA
Código de lengua del texto/banda sonora o título independiente spa
Código de lengua del sumario o resumen eng
Fuente del código Código de idioma MARC
082 ## - NÚMERO DE LA CLASIFICACIÓN DECIMAL DEWEY
Número de clasificación 370.9
Número de documento/Ítem M693s
049 ## - FONDOS LOCALES (OCLC)
Fondos de biblioteca BNGR
100 1# - ENTRADA PRINCIPAL--NOMBRE DE PERSONA
Nombre de persona Moehlman, Arthur H.
9 (RLIN) 48864
240 10 - TÍTULO UNIFORME
Título uniforme Comparative educational systems.
Lenguaje de la obra Español.
245 10 - MENCIÓN DE TÍTULO
Título Sistemas de educación comparados /
Mención de responsabilidad, etc. Arthur Henry Moehlman ; traducción de Luis Echavarri ; prólogo de Oliver J. Caldwell.
260 ## - PUBLICACIÓN, DISTRIBUCIÓN, ETC.
Lugar de publicación, distribución, etc. Buenos Aires :
Nombre del editor, distribuidor, etc. Troquel,
Fecha de publicación, distribución, etc. 1968.
300 ## - DESCRIPCIÓN FÍSICA
Extensión 135, [2] p. ;
Dimensiones 23 cm.
490 1# - MENCIÓN DE SERIE
Mención de serie Biblioteca de la nueva educación
534 ## - NOTA SOBRE LA VERSIÓN ORIGINAL
Encabezamiento principal del original Título original en inglés:
Mención de título del original Comparative educational systems.
650 #0 - PUNTO DE ACCESO ADICIONAL DE MATERIA--TÉRMINO DE MATERIA
Término de materia o nombre geográfico como elemento de entrada Educación comparada
9 (RLIN) 4722
700 1# - PUNTO DE ACCESO ADICIONAL--NOMBRE DE PERSONA
Nombre de persona Echávarri, Luis
Término indicativo de función/relación tr.
9 (RLIN) 13631
700 1# - PUNTO DE ACCESO ADICIONAL--NOMBRE DE PERSONA
Nombre de persona Caldwell, Oliver J.
Término indicativo de función/relación pról.
9 (RLIN) 48865
830 #0 - PUNTO DE ACCESO ADICIONAL DE SERIE-TÍTULO UNIFORME
Título uniforme Biblioteca de la nueva educación
9 (RLIN) 48866
Holdings
Estado de retiro Estado de pérdida Restricciones de uso No para préstamo Código de colección Localización permanente Ubicación/localización actual Ubicación en estantería Fecha de adquisición Número de inventario Total de préstamos Signatura topográfica completa Código de barras Fecha visto por última vez Precio válido a partir de Tipo de ítem Koha Número de copia
        Monografías: Libros y Folletos General General En catalogación 12.01.2011 LF1   370.9 M693s 23732-10 25.06.2020 25.06.2020 Préstamo en sala  
      Préstamo restrigido Monografías: Libros y Folletos General General En catalogación 12.01.2011 LF1   370.9 M693s 23732-20 25.06.2020 25.06.2020 Préstamo en sala e.2

Powered by Koha